000 00813nam a22002535i 4500
001 10731
003 ES-MaACL
005 20230906145939.0
007 t|
008 941028s1994 sp ||||0| spa j
020 _a84-7039-689-7
040 _aM-BN
_bspa
_cM-BN
080 _a860-34"19"(082.2)
245 0 0 _aAntología del cuento español, 1900-1939 /
_cedición, introducción y notas de José María Martínez Cachero.
260 _aMadrid :
_bCastalia,
_cD.L. 1994.
300 _a323 p ;
_c18 cm.
490 1 _aClásicos Castalia ;
_v203
504 _aBibliografía: p. 45-49.
650 4 _aCuentos españoles-
_yS.XX.
_911487
700 1 _aMartínez Cachero, José María.
_977905
830 0 _aClásicos Castalia ;
_v203
_9178595
852 _aES-MaACL
_jL-18128
_bR.123319
999 _c10731
_d10731